[Event "Guernsey Holiday op"]
[Site "Guernsey"]
[Date "2012.10.24"]
[Round "4"]
[White "Davidson, Laura"]
[Black "Le Maitre, Richard"]
[Result "1/2-1/2"]
[WhiteElo "912"]
[BlackElo "1378"]
[PlyCount "60"]
[EventDate "2012.10.21"]
[EventType "swiss"]
[EventRounds "7"]
[EventCountry "GCI"]
[SourceTitle "EXT 2015"]
[Source "ChessBase"]
[SourceDate "2014.11.20"]
[SourceVersion "1"]
[SourceVersionDate "2014.11.20"]
[SourceQuality "1"]

1. e4 c5 2. Nc3 d6 3. f4 Nf6 4. Nf3 Nc6 5. Bb5 Bd7 6. 0-0 a6 7. Bxc6 Bxc6 8. d3 g6 9. Qe1 Bg7 10. e5 dxe5 11. Nxe5 Bd7 12. Nxd7 Qxd7 13. Be3 b6 14. Rd1 0-0 15. d4 cxd4 16. Rxd4 Qb7 17. Qd1 e6 18. Qd3 Nd5 19. Ra4 Nxc3 20. bxc3 Rfd8 21. Bd4 b5 22. Rb4 Qd5 23. Qf3 Bxd4+ 24. Rxd4 Qxf3 25. Rxf3 Rxd4 26. cxd4 Rd8 27. c3 Rd5 28. Kf2 Kg7 29. Ke3 f5 30. Kd3 Kf6 1/2-1/2

[Event "Guernsey Holiday op"]
[Site "Guernsey"]
[Date "2011.10.22"]
[Round "7"]
[White "Le Maitre, Richard"]
[Black "Herschmann, Heinz"]
[Result "0-1"]
[WhiteElo "1418"]
[BlackElo "1440"]
[PlyCount "112"]
[EventDate "2011.10.16"]
[EventType "swiss"]
[EventRounds "7"]
[EventCountry "GCI"]
[SourceTitle "EXT 2015"]
[Source "ChessBase"]
[SourceDate "2014.11.20"]
[SourceVersion "1"]
[SourceVersionDate "2014.11.20"]
[SourceQuality "1"]

1. Nf3 e6 2. g3 d5 3. d4 Be7 4. Bg2 Nf6 5. Nc3 Nc6 6. Bf4 a6 7. 0-0 0-0 8. a3 Nh5 9. Bd2 g6 10. e4 dxe4 11. Nxe4 Nxd4 12. Nxd4 Qxd4 13. Bc3 Qxd1 14. Raxd1 f5 15. Nd2 Bf6 16. Bxf6 Nxf6 17. Nc4 Rb8 18. Ne5 b5 19. Nc6 Rb6 20. Rfe1 Bb7 21. Ne5 Bxg2 22. Kxg2 Rd6 23. f4 Rfd8 24. Rxd6 Rxd6 25. Re2 Ne4 26. Nf3 Kg7 27. c3 Kf6 28. Nd4 c5 29. Nf3 h6 30. h4 Rd3 31. Rc2 c4 32. Re2 g5 33. hxg5+ hxg5 34. fxg5+ Nxg5 35. Nxg5 Kxg5 36. Rxe6 Rd2+ 37. Kf3 Rxb2 38. Rxa6 Rb3 39. Rb6 Rxc3+ 40. Kg2 Rxa3 41. Rxb5 Kg4 42. Rb4 Rxg3+ 43. Kf2 Rc3 44. Ke2 f4 45. Kd2 Rd3+ 46. Kc2 Kg3 47. Rxc4 Rd8 48. Re4 f3 49. Re7 f2 50. Rg7+ Kf3 51. Rf7+ Ke2 52. Re7+ Kf1 53. Rf7 Re8 54. Kd2 Rd8+ 55. Ke3 Re8+ 56. Kf3 Ke1 0-1

[Event "Guernsey Holiday op"]
[Site "Guernsey"]
[Date "2011.10.16"]
[Round "1"]
[White "Le Maitre, Richard"]
[Black "Haisma, Henk"]
[Result "0-1"]
[WhiteElo "1418"]
[BlackElo "1709"]
[PlyCount "93"]
[EventDate "2011.10.16"]
[EventType "swiss"]
[EventRounds "7"]
[EventCountry "GCI"]
[SourceTitle "EXT 2015"]
[Source "ChessBase"]
[SourceDate "2014.11.20"]
[SourceVersion "1"]
[SourceVersionDate "2014.11.20"]
[SourceQuality "1"]

1. Nf3 Nf6 2. g3 d5 3. Bg2 Bf5 4. d4 e6 5. 0-0 c5 6. c3 Nc6 7. a3 h6 8. b4 c4 9. b5 Na5 10. Nbd2 Bd6 11. a4 0-0 12. Ba3 a6 13. Bxd6 Qxd6 14. bxa6 Rxa6 15. Re1 Bh7 16. Ne5 Nc6 17. Nxc6 Qxc6 18. Nf3 Rfa8 19. Ne5 Qc7 20. e3 b5 21. Re2 Rxa4 22. Rxa4 bxa4 23. Ra2 a3 24. Qc1 Be4 25. Rxa3 Rb8 26. Qa1 Qb7 27. Bxe4 Nxe4 28. f3 Nd2 29. Kg2 f6 30. Ng4 Nb1 31. Ra6 Qb2+ 32. Qxb2 Rxb2+ 33. Kh3 Nxc3 34. Rxe6 Ne2 35. Nf2 Nxd4 36. exd4 Rxf2 37. Rd6 Rxf3 38. Rxd5 Rd3 39. Kg4 Kf7 40. Kf4 Ke6 41. Rd8 Rd2 42. h4 c3 43. Rc8 c2 44. Rc4 Kd5 45. Ke3 Kxc4 46. Kxd2 Kxd4 47. Kxc2 0-1

[Event "Guernsey Holiday op"]
[Site "Guernsey"]
[Date "2010.10.18"]
[Round "2"]
[White "Beadle, John R"]
[Black "Le Maitre, Richard"]
[Result "1-0"]
[WhiteElo "1648"]
[BlackElo "1440"]
[PlyCount "57"]
[EventDate "2010.10.17"]
[EventType "swiss"]
[EventRounds "7"]
[EventCountry "GCI"]
[SourceTitle "EXT 2013"]
[Source "ChessBase"]
[SourceDate "2012.11.22"]
[SourceVersion "1"]
[SourceVersionDate "2012.11.22"]
[SourceQuality "1"]

1. e4 c5 2. Nf3 d6 3. d4 cxd4 4. Nxd4 Nf6 5. Nc3 a6 6. a4 Nc6 7. h3 e6 8. Be2 Be7 9. 0-0 0-0 10. Be3 Bd7 11. f4 Nxd4 12. Qxd4 Bc6 13. Bf3 Qc7 14. Qc4 Rac8 15. a5 Qb8 16. Qe2 Rfe8 17. Qf2 Bf8 18. Rad1 Qc7 19. Bb6 Qe7 20. Rd2 Nd7 21. Be3 Qf6 22. e5 dxe5 23. Bxc6 bxc6 24. Rxd7 exf4 25. Qxf4 Qxf4 26. Rxf4 Re7 27. Rfd4 Rxd7 28. Rxd7 Bb4 29. Bb6 1-0

[Event "Guernsey Holiday op"]
[Site "Guernsey"]
[Date "2009.10.24"]
[Round "7"]
[White "Roberts, Malcolm A"]
[Black "Le Maitre, Richard"]
[Result "1-0"]
[WhiteElo "1754"]
[BlackElo "1219"]
[PlyCount "41"]
[EventDate "2009.10.18"]
[EventType "swiss"]
[EventRounds "7"]
[EventCountry "GCI"]
[SourceTitle "EXT 2015"]
[Source "ChessBase"]
[SourceDate "2014.11.20"]
[SourceVersion "1"]
[SourceVersionDate "2014.11.20"]
[SourceQuality "1"]

1. e4 c5 2. c3 d6 3. d4 cxd4 4. cxd4 Nf6 5. Nc3 e6 6. Nf3 Nc6 7. Bd3 a6 8. 0-0 Be7 9. Re1 0-0 10. e5 dxe5 11. dxe5 Nd5 12. Nxd5 Qxd5 13. Bf4 Nd4 14. Nxd4 Qxd4 15. Bxh7+ Kxh7 16. Qxd4 Kg8 17. h3 b5 18. Qe4 Bd7 19. Rad1 Rad8 20. a3 f5 21. Qb7 1-0

[Event "Guernsey Holiday op"]
[Site "Guernsey"]
[Date "2009.10.20"]
[Round "3"]
[White "Timmerman, Peter"]
[Black "Le Maitre, Richard"]
[Result "1-0"]
[WhiteElo "1562"]
[BlackElo "1219"]
[PlyCount "89"]
[EventDate "2009.10.18"]
[EventType "swiss"]
[EventRounds "7"]
[EventCountry "GCI"]
[SourceTitle "EXT 2015"]
[Source "ChessBase"]
[SourceDate "2014.11.20"]
[SourceVersion "1"]
[SourceVersionDate "2014.11.20"]
[SourceQuality "1"]

1. e4 g6 2. d4 Bg7 3. Nf3 d6 4. Bc4 e6 5. Bg5 Bf6 6. h4 h6 7. Bxf6 Nxf6 8. Nbd2 Nc6 9. c3 Bd7 10. Qe2 Qe7 11. Nb3 Nh5 12. Qe3 Na5 13. Nxa5 b5 14. Bd3 a6 15. e5 d5 16. Nb3 Bc6 17. g4 Ng7 18. Nc5 h5 19. Qg5 hxg4 20. Qxg4 Nh5 21. 0-0-0 Qf8 22. Kb1 Qe7 23. Ne1 Rg8 24. Ng2 Qf8 25. Nxe6 Qe7 26. Nef4 Bd7 27. Qg5 Qxg5 28. hxg5 Bg4 29. Rde1 0-0-0 30. Nxh5 gxh5 31. f4 Rh8 32. Ne3 c6 33. Bf5+ Bxf5+ 34. Nxf5 Kd7 35. Rh4 Rh7 36. Reh1 Rdh8 37. Kc2 Ke6 38. Ng3 a5 39. Kd2 Ke7 40. Ke3 Kf8 41. Rxh5 Rxh5 42. Rxh5 Rxh5 43. Nxh5 Kg8 44. f5 Kh7 45. Kf4 1-0

[Event "Guernsey Holiday op 33rd"]
[Site "Guernsey"]
[Date "2007.10.26"]
[Round "6"]
[White "Silverstein, Ben"]
[Black "Le Maitre, Richard"]
[Result "1-0"]
[WhiteElo "1464"]
[BlackElo "1270"]
[PlyCount "65"]
[EventDate "2007.10.21"]
[EventType "swiss"]
[EventRounds "7"]
[EventCountry "GCI"]
[SourceTitle "EXT 2022"]
[Source "ChessBase"]
[SourceDate "2021.10.06"]
[SourceVersion "1"]
[SourceVersionDate "2021.10.06"]
[SourceQuality "1"]

1. e4 c5 2. Nf3 d6 3. c3 Nf6 4. Be2 Bd7 5. d3 Nc6 6. 0-0 Qc7 7. Be3 Ng4 8. Bf4 e5 9. Bg3 Nf6 10. Nbd2 Be7 11. Rc1 0-0 12. d4 cxd4 13. cxd4 Qb8 14. dxe5 dxe5 15. Nc4 Nxe4 16. Qxd7 Nxg3 17. hxg3 Rd8 18. Qf5 g6 19. Qc2 Nd4 20. Nxd4 exd4 21. Rfd1 Bf6 22. Bf3 Qc7 23. Qa4 Rdb8 24. Na5 Qb6 25. Rc4 Qxb2 26. Rb4 b5 27. Qb3 Qxb3 28. Rxb3 a6 29. Bxa8 Rxa8 30. Nc6 Kg7 31. Nxd4 Rd8 32. Rbd3 b4 33. Nf5+ 1-0

[Event "Guernsey Holiday op 33rd"]
[Site "Guernsey"]
[Date "2007.10.23"]
[Round "3"]
[White "Bakkes, Frits"]
[Black "Le Maitre, Richard"]
[Result "1/2-1/2"]
[WhiteElo "1533"]
[BlackElo "1270"]
[PlyCount "88"]
[EventDate "2007.10.21"]
[EventType "swiss"]
[EventRounds "7"]
[EventCountry "GCI"]
[SourceTitle "EXT 2022"]
[Source "ChessBase"]
[SourceDate "2021.10.06"]
[SourceVersion "1"]
[SourceVersionDate "2021.10.06"]
[SourceQuality "1"]

1. d4 Nf6 2. Nc3 g6 3. e4 d6 4. Nf3 Bg7 5. Be2 Bg4 6. Be3 Nbd7 7. Qd2 0-0 8. 0-0-0 Re8 9. h3 Bxf3 10. gxf3 e5 11. dxe5 dxe5 12. Bg5 c6 13. f4 Qe7 14. fxe5 Qxe5 15. f4 Qc7 16. e5 Nxe5 17. fxe5 Qxe5 18. Qf4 Qxf4+ 19. Bxf4 Ne4 20. Rh2 Nxc3 21. bxc3 Bxc3 22. Rd7 b6 23. Bd2 Bxd2+ 24. Kxd2 Red8 25. Rxd8+ Rxd8+ 26. Bd3 c5 27. Re2 c4 28. Re7 cxd3 29. cxd3 a5 30. Rb7 Rd6 31. Kc3 f5 32. d4 f4 33. Kd3 f3 34. Ke3 Rf6 35. Kf2 g5 36. d5 Rd6 37. Kxf3 Rxd5 38. Rxb6 Rd2 39. Kg4 Rxa2 40. Kxg5 Rg2+ 41. Kf4 Rg6 42. Rb8+ Kg7 43. Ra8 Rf6+ 44. Kg4 Rg6+ 1/2-1/2

[Event "Guernsey Holiday op"]
[Site "Cobo Bay"]
[Date "2005.10.17"]
[Round "2"]
[White "O'Connor, Jonathan"]
[Black "Le Maitre, Richard"]
[Result "1/2-1/2"]
[WhiteElo "1605"]
[BlackElo "1420"]
[PlyCount "59"]
[EventDate "2005.10.16"]
[EventType "swiss"]
[EventRounds "7"]
[EventCountry "GCI"]
[SourceTitle "EXT 2007"]
[Source "ChessBase"]
[SourceDate "2006.11.23"]
[SourceVersion "1"]
[SourceVersionDate "2006.11.23"]
[SourceQuality "1"]

1. e4 c5 2. d4 cxd4 3. c3 Nf6 4. e5 Nd5 5. Bc4 Nb6 6. Bb3 e6 7. Nf3 d5 8. exd6 Bxd6 9. Qxd4 0-0 10. 0-0 Nc6 11. Qe4 Qc7 12. Na3 Ne5 13. Nxe5 Bxe5 14. f4 Bf6 15. Be3 Bd7 16. Nc4 Nxc4 17. Qxc4 Rfc8 18. Qxc7 Rxc7 19. Rad1 Bc6 20. Rf2 Rd7 21. Rxd7 Bxd7 22. Rd2 Bc6 23. Kf2 a6 24. Bb6 g5 25. fxg5 Bxg5 26. Rd3 Bf4 27. h4 Be5 28. c4 Kh8 29. Bd4 Bxd4+ 30. Rxd4 1/2-1/2